=LDR 00000nam 2200000 4500 =001 INLIS000000000061136 =005 20220824081516 =035 ##$$a 0010-0822000046 =007 ta =008 220824###########################0#ind## =020 ##$$a 978-602-342-099-5 =082 ##$$a 297.547 =084 ##$$a 297.547 Ali a =100 #$$a Syekh Ali Jaber =245 1#$$a Amalan Ringan Paling Menakjubkan : $b 20 Kiat Menuju Kebahagiaan Hidup /$c Syekh Ali Jaber =260 ##$$a Jakarta :$b Zikrul Hakim,$c 2021 =300 ##$$a 206 halaman ; $c 24 Cm. =650 #4$$a Do'a dan Zikir =990 ##$$a 21612161